000 01055cam a22002411 4500
001 rc 01000382
003 DLC
005 20260227111859.0
007 cr |||||||||||
008 830210s1846 dcub 000 0 eng
010 _arc 01000382
040 _aDLC
_cCarP
_dDLC
043 _an-us-or
050 0 0 _aF880
_b.R65
100 1 _aRobertson, Wyndham,
_d1803-1888.
245 1 0 _aOregon, our right and title;
_bcontaining an account of the condition of the Oregon Territory, its soil, climate, and geographical position, together with a statement of the claims of Russia, Spain, Great Britain, and the United States; accompanied with a map,
_cprepared by the author.
260 _aWashington,
_bPrinted by J. & G. S. Gideon,
_c1846.
300 _a2 p.l., 203, xxiv p.
_bfront. (fold. map)
_c23 cm.
530 _aAlso available in digital form on the Library of Congress Web site.
651 0 _aNorthwest boundary of the United States.
651 0 _aOregon
_xDescription and travel.
856 4 1 _dmtfgc
_f2122
_qo
_uhttp://hdl.loc.gov/loc.gdc/mtfgc.2122
999 _c51797
_d51797